Catálogo
 En Linea

El poder curativo de la mujer / (Registro nro. 26019)

Detalles MARC
000 -CABECERA
campo de control de longitud fija 00854cam a2200217 a 4500
001 - NÚMERO DE CONTROL
campo de control 000026527
005 - FECHA Y HORA DE LA ÚLTIMA TRANSACCIÓN
campo de control 20200930030253.0
008 - DATOS DE LONGITUD FIJA--INFORMACIÓN GENERAL
campo de control de longitud fija 760825s1999 mx a 000 e spa d
020 ## - NÚMERO INTERNACIONAL ESTÁNDAR DEL LIBRO
Número Internacional Estándar del Libro 9806432118
040 ## - FUENTE DE LA CATALOGACIÓN
Centro catalogador/agencia de origen DO-SdBNP
Lengua de catalogación spa
Centro/agencia modificador BNPHU
082 ## - NÚMERO DE LA CLASIFICACIÓN DECIMAL DEWEY
Número de clasificación xxx
Número de documento/Ítem M744
049 ## - FONDOS LOCALES (OCLC)
Fondos de biblioteca BNGR
100 1# - ENTRADA PRINCIPAL--NOMBRE DE PERSONA
Nombre de persona Monje Silva, Edith
9 (RLIN) 53613
245 10 - MENCIÓN DE TÍTULO
Título El poder curativo de la mujer /
Mención de responsabilidad, etc. Edith Monje Silva ; editor José Luis García Froiz ; introducción Jesús Fuenmayor.
260 ## - PUBLICACIÓN, DISTRIBUCIÓN, ETC.
Lugar de publicación, distribución, etc. Caracas, Venezuela :
Nombre del editor, distribuidor, etc. Urania,
Fecha de publicación, distribución, etc. 1999.
300 ## - DESCRIPCIÓN FÍSICA
Extensión 93 p. ;
Dimensiones 22 cm.
500 ## - NOTA GENERAL
Nota general Incluye datos de la autora en la solapa
505 0# - NOTA DE CONTENIDO CON FORMATO
Nota de contenido con formato I. La herencia de panacea -- II. El valor del llanto -- III. El poder de la sonrisa -- IV. Saber oír, saber hablar -- V. Explorando lo masculino
700 1# - PUNTO DE ACCESO ADICIONAL--NOMBRE DE PERSONA
Nombre de persona García Froiz, José Luis
Término indicativo de función/relación ed.
9 (RLIN) 53614
700 1# - PUNTO DE ACCESO ADICIONAL--NOMBRE DE PERSONA
Nombre de persona Fuenmayor, Jesús
Término indicativo de función/relación introd.
9 (RLIN) 53615
Existencias
Estado de retiro Estado de pérdida Restricciones de uso No para préstamo Código de colección Localización permanente Ubicación/localización actual Ubicación en estantería Fecha de adquisición Número de inventario Total de préstamos Signatura topográfica completa Código de barras Fecha visto por última vez Precio válido a partir de Tipo de ítem Koha
        Monografías: Libros y Folletos General General En catalogación 22.03.2011 LF1   xxx M744 26527-10 25.06.2020 25.06.2020 Préstamo en sala

Con tecnología Koha